000
00323nam a22001337a 4500
020
_a
9789351115816
082
_a
820.9
100
_a
Balwan , Kaure
245
_a
Revolution Of English Literature
260
_a
New Delhi :
_b
Random Publications,
_c
2015.
300
_a
260 p. ;
_b
24 cm.
500
_a
Hardcover.
942
_c
BK
999
_c
33632
_d
33632